[Event "12. Int. Neckar-Open B-Open"]
[Site "Deizisau, Germany"]
[Date "2008.03.22"]
[Round "4.1"]
[White "Dieckmann, Daniel"]
[Black "Tölg, Wolfgang"]
[Result "1-0"]
[WhiteElo "1990"]
[BlackElo "1730"]
[PlyCount "43"]
[EventDate "2008.??.??"]

1. e4 e5 2. Nf3 Nc6 3. d4 exd4 4. Nxd4 Bc5 5. Be3 Qf6 6. c3 a6 7. Nc2 Bxe3 8.
Nxe3 Nge7 9. g3 d6 10. Bg2 O-O 11. O-O Ng6 12. Nd2 Nge5 13. f4 Ng6 14. Nf3 Qe7
15. Nd4 Bd7 16. f5 Nge5 17. f6 Qd8 18. fxg7 Re8 19. Ndf5 Qg5 20. Nd5 Rac8 21.
Qc1 Qxc1 22. Nf6# 1-0

[Event "12. Int. Neckar-Open C-Open"]
[Site "Deizisau, Germany"]
[Date "2008.03.22"]
[Round "4.1"]
[White "Hanso, Christian"]
[Black "Dlapka, Werner"]
[Result "0-1"]
[WhiteElo "1393"]
[BlackElo "1209"]
[PlyCount "48"]
[EventDate "2008.??.??"]

1. e4 e5 2. Nf3 Nc6 3. Bb5 Nd4 4. Ba4 b5 5. Nxd4 exd4 6. Bxb5 Qg5 7. Bf1 Bc5 8.
d3 Qg6 9. Bf4 d6 10. Nd2 Nh6 11. Qe2 O-O 12. g3 Bg4 13. f3 Be6 14. b3 Rfe8 15.
O-O-O a5 16. Rg1 a4 17. g4 Kh8 18. Bh3 axb3 19. axb3 Ra2 20. Qg2 Rd8 21. Bg3
Bb4 22. Bf2 Bc3 23. g5 Ra1+ 24. Nb1 Rxb1+ 0-1

[Event "12. Int. Neckar-Open C-Open"]
[Site "Deizisau, Germany"]
[Date "2008.03.22"]
[Round "4.2"]
[White "Ress, Jochen"]
[Black "von Bültzingloewen, Alexander"]
[Result "1-0"]
[WhiteElo "1228"]
[BlackElo "1197"]
[PlyCount "35"]
[EventDate "2008.??.??"]

1. c4 Nf6 2. Nc3 Nc6 3. g3 e6 4. Bg2 Be7 5. Nf3 O-O 6. O-O d5 7. cxd5 Nxd5 8.
a3 Nxc3 9. dxc3 Qxd1 10. Rxd1 e5 11. e4 Bg4 12. Be3 Rfd8 13. h3 Bxf3 14. Bxf3
g6 15. b4 Rxd1+ 16. Rxd1 Rd8 17. Rxd8+ Nxd8 18. Be2 1-0

[Event "12. Int. Neckar-Open A-Open"]
[Site "Deizisau, Germany"]
[Date "2008.03.22"]
[Round "5.1"]
[White "Erdos, Viktor"]
[Black "Strohhäker, Raoul"]
[Result "1/2-1/2"]
[WhiteElo "2575"]
[BlackElo "2393"]
[PlyCount "43"]
[EventDate "2008.??.??"]

1. d4 d5 2. c4 e6 3. Nf3 Nf6 4. Bg5 c6 5. e3 Nbd7 6. cxd5 exd5 7. Nc3 Be7 8.
Bd3 Nf8 9. Qc2 Ne6 10. Bh4 g6 11. Rb1 O-O 12. O-O Ng7 13. b4 a6 14. a4 Nf5 15.
Bxf6 Bxf6 16. b5 a5 17. Ne2 Qd6 18. bxc6 bxc6 19. Nc1 Ng7 20. Nb3 Ne6 21. Qc3
Bd7 22. Nbd2 1/2-1/2

[Event "12. Int. Neckar-Open A-Open"]
[Site "Deizisau, Germany"]
[Date "2008.03.22"]
[Round "5.2"]
[White "Leon Hoyos, Manuel"]
[Black "Dgebuadze, Alexandre"]
[Result "1/2-1/2"]
[WhiteElo "2495"]
[BlackElo "2512"]
[PlyCount "74"]
[EventDate "2008.??.??"]

1. e4 e6 2. d4 d5 3. Nd2 Nf6 4. e5 Nfd7 5. Bd3 c5 6. c3 Nc6 7. Ne2 Qb6 8. Nf3
cxd4 9. cxd4 f6 10. exf6 Nxf6 11. O-O Bd6 12. b3 O-O 13. Bf4 Bxf4 14. Nxf4 Ne4
15. Ne2 Bd7 16. Bxe4 dxe4 17. Ng5 Rad8 18. Qd2 h6 19. Nxe4 Be8 20. Rac1 Nxd4
21. Nxd4 Rxd4 22. Qe3 Bf7 23. Nd2 Rd5 24. Qc3 Qa5 25. Qxa5 Rxa5 26. Rc2 Bg6 27.
Nc4 Rd5 28. Rd2 Rxd2 29. Nxd2 Rc8 30. Ra1 Rc2 31. Nc4 b5 32. Ne5 Be4 33. b4 Bd5
34. a3 Re2 35. Nd3 g5 36. h3 Rd2 37. Ne5 Rc2 1/2-1/2

[Event "12. Int. Neckar-Open A-Open"]
[Site "Deizisau, Germany"]
[Date "2008.03.22"]
[Round "5.5"]
[White "Fedorovsky, Michael"]
[Black "Peralta, Fernando"]
[Result "1/2-1/2"]
[WhiteElo "2397"]
[BlackElo "2551"]
[PlyCount "74"]
[EventDate "2008.??.??"]

1. e4 d6 2. d4 Nf6 3. Nc3 g6 4. f4 Bg7 5. Nf3 O-O 6. Bd3 Na6 7. O-O c5 8. d5
Bg4 9. Bc4 Nc7 10. h3 Bxf3 11. Qxf3 e6 12. dxe6 fxe6 13. Be3 b6 14. Rad1 Qe7
15. Bf2 Nd7 16. Qd3 Rxf4 17. Qxd6 Qxd6 18. Rxd6 Ne5 19. Be2 Raf8 20. Be3 Rxf1+
21. Bxf1 Kf7 22. a4 Ke7 23. Rd1 Nf7 24. a5 Rd8 25. axb6 axb6 26. Rxd8 Kxd8 27.
Na4 Na8 28. Ba6 Kc7 29. c3 Kc6 30. b4 Nc7 31. Be2 b5 32. Nxc5 Bxc3 33. Nd3 Na6
34. Bg4 Kd6 35. Be2 Kc6 36. Bg4 Kd6 37. Be2 Kc6 1/2-1/2

[Event "12. Int. Neckar-Open A-Open"]
[Site "Deizisau, Germany"]
[Date "2008.03.22"]
[Round "5.8"]
[White "Lanka, Zigurds"]
[Black "Becking, Stephan"]
[Result "1/2-1/2"]
[WhiteElo "2475"]
[BlackElo "2378"]
[PlyCount "37"]
[EventDate "2008.??.??"]

1. e4 e6 2. d4 d5 3. Nc3 Nf6 4. Bg5 Be7 5. e5 Nfd7 6. Bxe7 Qxe7 7. f4 a6 8. Nf3
b6 9. g3 c5 10. Bg2 Nc6 11. O-O Bb7 12. Ne2 f5 13. exf6 gxf6 14. f5 e5 15. dxe5
Ndxe5 16. Nf4 O-O-O 17. Nh4 Kb8 18. Re1 Ka7 19. a3 1/2-1/2

[Event "12. Int. Neckar-Open A-Open"]
[Site "Deizisau, Germany"]
[Date "2008.03.22"]
[Round "5.11"]
[White "Beinoras, Mindaugas"]
[Black "Schmittdiel, Eckhard"]
[Result "1-0"]
[WhiteElo "2280"]
[BlackElo "2417"]
[PlyCount "101"]
[EventDate "2008.??.??"]

1. d4 e6 2. c4 f5 3. g3 Nf6 4. Bg2 c6 5. Nf3 d5 6. O-O Bd6 7. Bf4 Bxf4 8. gxf4
O-O 9. Nc3 Nbd7 10. Qc2 Qe7 11. e3 Ng4 12. Ne2 Kh8 13. Ng3 g6 14. Rab1 a5 15.
c5 Nh6 16. Kh1 Nf7 17. Rg1 h6 18. Ne2 g5 19. Nc1 g4 20. Ne5 Ndxe5 21. dxe5 Bd7
22. Nd3 Rg8 23. Bf1 h5 24. Be2 h4 25. f3 Nh6 26. Nf2 Be8 27. h3 Bg6 28. Rg2 Rg7
29. Rbg1 Qd8 30. Rd1 g3 31. Nd3 Rd7 32. Ne1 d4 33. Qc4 dxe3 34. Rd6 Rxd6 35.
cxd6 Qd7 36. Nc2 Nf7 37. Nxe3 b6 38. Rg1 Nd8 39. Ng2 Be8 40. Qb3 Rb8 41. Rd1 c5
42. Qc3 Qb7 43. d7 Bxd7 44. Qd3 Bc6 45. Qd6 Bd5 46. Rxd5 exd5 47. Nxh4 Nc6 48.
Nxf5 Qf7 49. Bd3 c4 50. Qh6+ Kg8 51. Qxc6 1-0

[Event "12. Int. Neckar-Open A-Open"]
[Site "Deizisau, Germany"]
[Date "2008.03.22"]
[Round "5.13"]
[White "Korneev, Oleg"]
[Black "Zwahr, Paul"]
[Result "1-0"]
[WhiteElo "2645"]
[BlackElo "2288"]
[PlyCount "100"]
[EventDate "2008.??.??"]

1. e4 c5 2. Nf3 e6 3. d4 cxd4 4. Nxd4 Nc6 5. Nb5 d6 6. Bf4 e5 7. Be3 a6 8. N5c3
Nf6 9. Bg5 Be6 10. Nd2 Rc8 11. Nc4 Nd4 12. Ne3 Be7 13. Bd3 O-O 14. O-O h6 15.
Bxf6 Bxf6 16. Ncd5 Bg5 17. c3 Nc6 18. Bc2 Bxe3 19. Nxe3 Ne7 20. Bb3 Qd7 21. Qd3
f5 22. exf5 Bxb3 23. axb3 Nxf5 24. Qd5+ Kh8 25. Nxf5 Rxf5 26. Rad1 Rd8 27. Rd2
Qe7 28. Rfd1 Rf6 29. Re1 Rc8 30. b4 Qc7 31. g3 Qb6 32. Kg2 Rcf8 33. Re3 Kh7 34.
Qe4+ Kh8 35. Qd5 Kh7 36. Qe4+ Kh8 37. f3 R8f7 38. Rd5 Rc7 39. Red3 Rcf7 40. Qe3
Qc6 41. Qe4 Qb6 42. b5 Kg8 43. Qb4 a5 44. Qe4 Qc7 45. c4 Re7 46. c5 dxc5 47.
Rd8+ Rf8 48. Qd5+ Ref7 49. Rd7 Qc8 50. b6 Kh8 1-0

[Event "12. Int. Neckar-Open A-Open"]
[Site "Deizisau, Germany"]
[Date "2008.03.22"]
[Round "5.15"]
[White "Hirneise, Tobias"]
[Black "Naumann, Alexander"]
[Result "0-1"]
[WhiteElo "2324"]
[BlackElo "2541"]
[PlyCount "92"]
[EventDate "2008.??.??"]

1. e4 e5 2. Nf3 Nc6 3. Bb5 a6 4. Ba4 Nf6 5. O-O Be7 6. Re1 b5 7. Bb3 d6 8. c3
O-O 9. h3 Rb8 10. d4 exd4 11. cxd4 d5 12. e5 Ne4 13. Nc3 Nxc3 14. bxc3 Bf5 15.
a4 b4 16. c4 Be6 17. Qd3 Na5 18. c5 Nxb3 19. Qxb3 a5 20. Bf4 h6 21. Nd2 Qc8 22.
Qg3 Kh7 23. Qd3+ Bf5 24. Qf3 Bc2 25. Nb3 Qa6 26. Rac1 Qg6 27. Rxc2 Qxc2 28.
Qxd5 c6 29. Qf3 Ra8 30. Rc1 Qg6 31. d5 cxd5 32. Qxd5 Rfd8 33. Qb7 Qe6 34. Qe4+
Qg6 35. Qxg6+ Kxg6 36. c6 Rd3 37. Nxa5 Rc3 38. Rxc3 bxc3 39. c7 Rc8 40. e6 c2
41. Nb3 fxe6 42. Kf1 Bg5 43. Bxg5 Kxg5 44. Ke2 Rxc7 45. Kd2 Rf7 46. f3 Kf4 0-1

[Event "12. Int. Neckar-Open B-Open"]
[Site "Deizisau, Germany"]
[Date "2008.03.22"]
[Round "5.1"]
[White "Mekuria, Rufael"]
[Black "Dieckmann, Daniel"]
[Result "1/2-1/2"]
[WhiteElo "1850"]
[BlackElo "1990"]
[PlyCount "68"]
[EventDate "2008.??.??"]

1. d4 d5 2. c4 e6 3. Nc3 Nf6 4. Bg5 c6 5. e3 Nbd7 6. cxd5 exd5 7. Bd3 Bd6 8.
Nf3 O-O 9. O-O Re8 10. Qc2 Nf8 11. e4 dxe4 12. Nxe4 Be7 13. Rfe1 Be6 14. Rad1
h6 15. Bh4 Nd5 16. Bxe7 Rxe7 17. Qd2 Bg4 18. Bc4 Bxf3 19. gxf3 Ne6 20. Kh1 Qf8
21. Rg1 Kh8 22. Bxd5 cxd5 23. Nc3 Rd8 24. f4 g6 25. Rg3 Ng7 26. Re3 Nf5 27. Re5
Red7 28. a3 Ne7 29. Qd3 Qg7 30. Re3 Qf6 31. Ne2 a6 32. Rg1 Qf5 33. Re1 Qxd3 34.
Rxd3 Nf5 1/2-1/2

[Event "12. Int. Neckar-Open B-Open"]
[Site "Deizisau, Germany"]
[Date "2008.03.22"]
[Round "5.2"]
[White "Ekert, Niko"]
[Black "Stein, Carsten"]
[Result "1/2-1/2"]
[WhiteElo "1764"]
[BlackElo "1951"]
[PlyCount "120"]
[EventDate "2008.??.??"]

1. d4 d5 2. Nf3 Nf6 3. Bf4 Bf5 4. c4 c6 5. e3 e6 6. Qb3 Qb6 7. Qxb6 axb6 8.
Nbd2 Na6 9. cxd5 Nxd5 10. Bxa6 Rxa6 11. O-O Nxf4 12. exf4 Bd6 13. g3 O-O 14. a3
Rfa8 15. Nc4 Be7 16. Rfe1 b5 17. Ne3 Bg6 18. f5 exf5 19. Nxf5 Bxa3 20. Rxa3
Bxf5 21. Rxa6 bxa6 22. Rc1 Be4 23. Ne5 Rc8 24. f3 Bd5 25. Kf2 f6 26. Nd7 Kf7
27. b4 Rd8 28. Nc5 Bc4 29. Rd1 Re8 30. Re1 Ra8 31. Ra1 Re8 32. Re1 Rxe1 33.
Kxe1 Ke7 34. Kd2 Kd6 35. Nxa6 Kd5 36. Ke3 g6 37. Nc7+ Kd6 38. Na6 f5 39. h4 Bf7
40. Kd3 h6 41. Nc5 g5 42. hxg5 hxg5 43. f4 gxf4 44. gxf4 Bc4+ 45. Ke3 Bf1 46.
Kf2 Bh3 47. Ke3 Kd5 48. Kd3 Bf1+ 49. Ke3 Kc4 50. Na6 Bg2 51. Kf2 Be4 52. Ke3
Bd5 53. Ke2 Kxd4 54. Nc5 Kc3 55. Na6 Be6 56. Nb8 Bc4+ 57. Ke3 Kxb4 58. Nxc6+
Kc3 59. Ne7 Be6 60. Nc6 b4 {Wegen Zeitnot kein weiterer Mitschrieb.} 1/2-1/2

[Event "12. Int. Neckar-Open C-Open"]
[Site "Deizisau, Germany"]
[Date "2008.03.22"]
[Round "5.1"]
[White "Dlapka, Werner"]
[Black "Ress, Jochen"]
[Result "1/2-1/2"]
[WhiteElo "1209"]
[BlackElo "1228"]
[PlyCount "84"]
[EventDate "2008.??.??"]

1. d4 Nf6 2. Nd2 d6 3. c3 g6 4. g3 Bg7 5. Nh3 O-O 6. Bg2 c6 7. Nf4 e5 8. dxe5
dxe5 9. Nd3 Ne8 10. O-O Nd6 11. Re1 Re8 12. Nc5 Qe7 13. Qb3 Be6 14. Nxe6 Qxe6
15. Qb4 Nd7 16. Qh4 Bf6 17. Qh3 Qxh3 18. Bxh3 Nc5 19. Nf3 Ne6 20. Be3 Nc4 21.
Bc1 Rad8 22. b3 Nd6 23. e4 Nc5 24. Ng5 Nd3 25. Bd2 Nxe1 26. Rxe1 Nb5 27. Nf3
Rxd2 28. Nxd2 Nxc3 29. a4 Rd8 30. Nc4 Rd1 31. Rxd1 Nxd1 32. Nd6 Nc3 33. f3 b5
34. a5 Be7 35. Nc8 Bb4 36. a6 Bc5+ 37. Kf1 Be3 38. Bd7 Na2 39. Bxc6 b4 40. Bd5
Kf8 41. h4 Bc5 42. Ke2 h6 1/2-1/2

[Event "12. Int. Neckar-Open C-Open"]
[Site "Deizisau, Germany"]
[Date "2008.03.22"]
[Round "5.2"]
[White "Qarkaxhija, Richard"]
[Black "Dohmann, Dorothea"]
[Result "0-1"]
[WhiteElo "1112"]
[BlackElo "1182"]
[PlyCount "98"]
[EventDate "2008.??.??"]

1. d4 d5 2. c4 Nf6 3. e3 Bf5 4. Nc3 e6 5. Bd3 Bxd3 6. Qxd3 Nc6 7. Nge2 Bb4 8.
Bd2 Bxc3 9. Bxc3 O-O 10. Ng3 dxc4 11. Qxc4 Qd5 12. Qxd5 exd5 13. O-O Ne4 14.
Nh5 f5 15. Nf4 Nxc3 16. bxc3 Ne7 17. Ne6 Rfc8 18. Rfc1 Kf7 19. Nc5 b6 20. Nd3
c5 21. Rab1 c4 22. Nf4 g5 23. Ne2 h5 24. f4 g4 25. Rb5 h4 26. a4 Rc6 27. Ra1
Rb8 28. Rab1 a6 29. R5b2 b5 30. Kf1 Rcb6 31. Nc1 Nc8 32. a5 Re6 33. Re2 Nd6 34.
g3 hxg3 35. hxg3 Ne4 36. Rc2 Nxg3+ 37. Kf2 Ne4+ 38. Kg2 Rh8 39. Ne2 Rh3 40. Rh1
Rxh1 41. Kxh1 Rh6+ 42. Kg2 Rh3 43. Nc1 Rxe3 44. Rb2 Rxc3 45. Na2 Ra3 46. Nb4
Rb3 47. Rxb3 cxb3 48. Nxd5 b2 49. Nc3 Nxc3 0-1

[Event "12. Int. Neckar-Open A-Open"]
[Site "Deizisau, Germany"]
[Date "2008.03.23"]
[Round "6.1"]
[White "Leon Hoyos, Manuel"]
[Black "Fedorchuk, Sergey"]
[Result "1/2-1/2"]
[WhiteElo "2495"]
[BlackElo "2652"]
[PlyCount "44"]
[EventDate "2008.??.??"]

1. e4 e5 2. Nf3 Nc6 3. Bb5 a6 4. Ba4 Nf6 5. O-O b5 6. Bb3 Bc5 7. a4 Rb8 8. c3
O-O 9. d4 Bb6 10. axb5 axb5 11. Na3 b4 12. Nc4 bxc3 13. bxc3 Nxe4 14. dxe5 d5
15. exd6 cxd6 16. Bc2 Bf5 17. Nxb6 Rxb6 18. Be3 Rb2 19. Qc1 Rxc2 20. Qxc2 Ng3
21. Qa4 Nxf1 22. Rxf1 Qc8 1/2-1/2

[Event "12. Int. Neckar-Open A-Open"]
[Site "Deizisau, Germany"]
[Date "2008.03.23"]
[Round "6.2"]
[White "Strohhäker, Raoul"]
[Black "Graf, Alexander"]
[Result "0-1"]
[WhiteElo "2393"]
[BlackElo "2586"]
[PlyCount "64"]
[EventDate "2008.??.??"]

1. e4 c6 2. d4 d5 3. exd5 cxd5 4. c4 Nf6 5. Nc3 g6 6. Nf3 Bg7 7. Be2 O-O 8. O-O
Nc6 9. Re1 dxc4 10. Bxc4 Na5 11. Bf1 Be6 12. Bg5 Rc8 13. Qa4 Qb6 14. d5 Nxd5
15. Nxd5 Bxd5 16. Bxe7 Bxf3 17. gxf3 Bd4 18. Re2 Rc4 19. Qd7 Rc7 20. Qd6 Re8
21. Bf6 Bxf2+ 22. Kg2 Rcc8 23. Qd7 Be3 24. Bc3 Nc6 25. Rae1 Rcd8 26. Qh3 Re6
27. Qh4 Nd4 28. Rd1 g5 29. Qh5 Nxe2 30. Bxe2 Rxd1 31. Bxd1 Bd4 32. Bb3 Bxc3 0-1

[Event "12. Int. Neckar-Open A-Open"]
[Site "Deizisau, Germany"]
[Date "2008.03.23"]
[Round "6.3"]
[White "Boidman, Yuri"]
[Black "Erdos, Viktor"]
[Result "0-1"]
[WhiteElo "2446"]
[BlackElo "2575"]
[PlyCount "80"]
[EventDate "2008.??.??"]

1. e4 c5 2. Nf3 e6 3. Nc3 a6 4. g3 b5 5. Bg2 Bb7 6. d3 d6 7. O-O Be7 8. Be3 Nd7
9. h3 Ngf6 10. a4 b4 11. Ne2 Qc7 12. Nd2 d5 13. f4 dxe4 14. dxe4 Rd8 15. c4 e5
16. Qe1 h6 17. Kh2 O-O 18. b3 Bc6 19. fxe5 Nxe5 20. Nf4 Rfe8 21. Nd5 Bxd5 22.
cxd5 Nfd7 23. Qe2 Bd6 24. Qxa6 h5 25. Qe2 h4 26. gxh4 c4 27. bxc4 Nxc4+ 28. Kh1
Nxe3 29. Qxe3 Ne5 30. h5 Qe7 31. h6 g6 32. Nf3 Rc8 33. Rac1 Rxc1 34. Rxc1 Nxf3
35. Qxf3 Qe5 36. Kg1 Re7 37. Kf1 Kh7 38. Qg4 b3 39. Rb1 b2 40. Qc8 Rc7 0-1

[Event "12. Int. Neckar-Open"]
[Site "Deizisau, Germany"]
[Date "2008.03.23"]
[Round "6.4"]
[White "Dgebuadze, Alexandre"]
[Black "Jugelt, Tobias"]
[Result "1/2-1/2"]
[WhiteElo "2512"]
[BlackElo "2393"]
[PlyCount "55"]
[EventDate "2008.??.??"]

1. e4 Nf6 2. e5 Nd5 3. d4 d6 4. Nf3 Nb6 5. Nc3 Nc6 6. e6 fxe6 7. Ng5 e5 8. d5
Nd4 9. Bd3 g6 10. h4 Bg7 11. h5 Bf5 12. hxg6 hxg6 13. Rxh8+ Bxh8 14. Bxf5 gxf5
15. Ne6 Qc8 16. Qh5+ Kd7 17. Nxd4 exd4 18. Qxf5+ Kd8 19. Qh5 dxc3 20. Qxh8+ Kd7
21. Qh3+ Kd8 22. Qf3 c6 23. dxc6 Qe6+ 24. Qe2 cxb2 25. Bxb2 Qxe2+ 26. Kxe2 bxc6
27. Rh1 Kd7 28. Rh7 1/2-1/2

[Event "12. Int. Neckar-Open A-Open"]
[Site "Deizisau, Germany"]
[Date "2008.03.23"]
[Round "6.6"]
[White "van Haastert, Edwin"]
[Black "Korneev, Oleg"]
[Result "0-1"]
[WhiteElo "2416"]
[BlackElo "2645"]
[PlyCount "106"]
[EventDate "2008.??.??"]

1. e4 c5 2. Nf3 e6 3. d4 cxd4 4. Nxd4 a6 5. Bd3 Bc5 6. Nb3 Be7 7. Qg4 g6 8. O-O
d6 9. Qe2 Qc7 10. Na3 Nc6 11. Be3 Rb8 12. c4 b6 13. Rac1 Ne5 14. Bb1 Nf6 15. f3
h5 16. Rc3 h4 17. Nc1 h3 18. g3 Bb7 19. Nd3 Nxd3 20. Bxd3 Nd7 21. Bd4 Bf6 22.
Bxf6 Qc5+ 23. Qf2 Nxf6 24. Nc2 g5 25. Ne3 Nd7 26. Ng4 Ke7 27. Re1 Bc6 28. Bf1
a5 29. Rd1 Ne5 30. Nxe5 dxe5 31. Rcd3 Rb7 32. g4 Rh4 33. Qxc5+ bxc5 34. b3 a4
35. Kf2 Rh8 36. Rd6 Rc8 37. bxa4 Ra7 38. R6d2 Rxa4 39. Rb1 Rca8 40. Rb6 Rxa2
41. Rxa2 Rxa2+ 42. Kg3 Kd7 43. Rb8 Ra3 44. Kf2 f5 45. Rg8 Ra2+ 46. Kg3 fxe4 47.
Rxg5 e3 48. Rxe5 Rf2 49. Rxe3 Rxf1 50. f4 Rc1 51. g5 Rxc4 52. g6 Rc2 53. Kh4
Rxh2 0-1

[Event "12. Int. Neckar-Open A-Open"]
[Site "Deizisau, Germany"]
[Date "2008.03.23"]
[Round "6.8"]
[White "Peralta, Fernando"]
[Black "Skytte, Rasmus"]
[Result "1-0"]
[WhiteElo "2551"]
[BlackElo "2412"]
[PlyCount "93"]
[EventDate "2008.??.??"]

1. d4 d5 2. c4 dxc4 3. Nf3 Nf6 4. Nc3 a6 5. e4 b5 6. e5 Nd5 7. a4 e6 8. axb5
Nb6 9. Be3 axb5 10. Rxa8 Nxa8 11. Nxb5 Nb6 12. Be2 Be7 13. O-O O-O 14. Nc3 Nc6
15. Qc2 Nb4 16. Qe4 N4d5 17. Bd2 Nxc3 18. bxc3 Qd5 19. Qg4 f5 20. exf6 Bxf6 21.
Qg3 c5 22. Qc7 Nd7 23. Be3 Bb7 24. Bxc4 Qxc4 25. Qxb7 cxd4 26. cxd4 Qd5 27.
Qxd5 exd5 28. g3 Re8 29. Rb1 Nf8 30. Rb5 Rd8 31. Kf1 Ne6 32. Ke2 Kf7 33. Rb7+
Kg6 34. Rb6 Kf7 35. Rb7+ Kg6 36. Rb6 Kf7 37. Kd3 Rd7 38. Ra6 Rb7 39. Ra5 Rd7
40. Nd2 h5 41. Nb1 Nd8 42. Ra6 Be7 43. Nc3 Bb4 44. Ne2 Ne6 45. Rb6 Be1 46. Rb5
Kf6 47. Ng1 1-0

[Event "12. Int. Neckar-Open A-Open"]
[Site "Deizisau, Germany"]
[Date "2008.03.23"]
[Round "6.9"]
[White "Gonzalez Garcia, Jose"]
[Black "Fedorovsky, Michael"]
[Result "1/2-1/2"]
[WhiteElo "2549"]
[BlackElo "2397"]
[PlyCount "87"]
[EventDate "2008.??.??"]

1. d4 Nf6 2. c4 e6 3. Nc3 Bb4 4. e3 O-O 5. Bd3 c5 6. Nf3 d5 7. O-O Nc6 8. a3
Bxc3 9. bxc3 dxc4 10. Bxc4 Qc7 11. Bb2 e5 12. h3 Bf5 13. Bb5 e4 14. Nd2 a6 15.
Bxc6 Qxc6 16. c4 Rfe8 17. d5 Qd6 18. a4 Nd7 19. Qh5 Bg6 20. Qh4 b5 21. axb5
axb5 22. Nxe4 Qb6 23. Nd2 bxc4 24. Bc3 Bd3 25. Rxa8 Rxa8 26. Rc1 Qd6 27. e4 f6
28. Qg4 Ra3 29. f4 h5 30. Qf3 Nb6 31. Ba1 Ra2 32. Nf1 f5 33. Qg3 Qd7 34. Ne3
Bxe4 35. Rd1 Na4 36. Be5 c3 37. d6 c2 38. Rc1 Nb2 39. Qg6 Nd3 40. Bxg7 Qxg7 41.
Qe8+ Kh7 42. Qxh5+ Kg8 43. Qe8+ Kh7 44. Qh5+ 1/2-1/2

[Event "12. Int. Neckar-Open A-Open"]
[Site "Deizisau, Germany"]
[Date "2008.03.23"]
[Round "6.10"]
[White "Naumann, Alexander"]
[Black "Heimann, Andreas"]
[Result "1/2-1/2"]
[WhiteElo "2541"]
[BlackElo "2403"]
[PlyCount "25"]
[EventDate "2008.??.??"]

1. Nf3 c5 2. e4 e6 3. d4 cxd4 4. Nxd4 a6 5. Bd3 Nc6 6. Nxc6 dxc6 7. Nd2 e5 8.
Nc4 Nf6 9. Be3 Be6 10. O-O Nd7 11. Qh5 b5 12. Nd2 Bd6 13. h3 1/2-1/2

[Event "12. Int. Neckar-Open A-Open"]
[Site "Deizisau, Germany"]
[Date "2008.03.23"]
[Round "6.11"]
[White "Becking, Stephan"]
[Black "Chernov, Vadim"]
[Result "1/2-1/2"]
[WhiteElo "2387"]
[BlackElo "2505"]
[PlyCount "52"]
[EventDate "2008.??.??"]

1. d4 Nf6 2. Nf3 e6 3. c3 c5 4. e3 Nc6 5. Nbd2 b6 6. Bd3 Bb7 7. Qe2 cxd4 8.
exd4 Nd5 9. Nc4 Qc7 10. O-O Be7 11. Nce5 O-O 12. Ng5 f5 13. Bd2 Rae8 14. Rae1
a5 15. Qd1 Ra8 16. a3 Ba6 17. Bxa6 Rxa6 18. c4 Bxg5 19. Bxg5 Nxe5 20. cxd5 Ng4
21. g3 Qc4 22. dxe6 dxe6 23. h3 Nf6 24. Bxf6 gxf6 25. d5 e5 26. Qf3 Ra7 1/2-1/2

[Event "12. Int. Neckar-Open A-Open"]
[Site "Deizisau, Germany"]
[Date "2008.03.23"]
[Round "6.12"]
[White "König, Dietrich"]
[Black "Lanka, Zigurds"]
[Result "1/2-1/2"]
[WhiteElo "2349"]
[BlackElo "2475"]
[PlyCount "95"]
[EventDate "2008.??.??"]

1. d4 Nf6 2. Nf3 g6 3. Bg5 Bg7 4. Nbd2 c5 5. c3 cxd4 6. cxd4 O-O 7. e3 d6 8.
Be2 h6 9. Bh4 Nc6 10. O-O g5 11. Bg3 Bf5 12. Rc1 Kh8 13. Qb3 Rb8 14. Rfd1 Bg6
15. h4 g4 16. Ne1 Qa5 17. Bd3 Qh5 18. Bxg6 Qxg6 19. Nd3 Nh5 20. Nf1 f5 21. d5
Ne5 22. Rc7 Nxd3 23. Qxd3 Qf6 24. Rd2 a6 25. Rdc2 b5 26. b3 Rbe8 27. Ra7 f4 28.
exf4 Qd4 29. Qxd4 Bxd4 30. Rxa6 Nxf4 31. Ne3 Bxe3 32. fxe3 Nxd5 33. Re2 Nc3 34.
Rc2 Ne4 35. Kh2 Rf5 36. Ra5 Kg7 37. a4 h5 38. Bf4 Kg6 39. axb5 e5 40. Bg3 Rb8
41. Rc6 Rf6 42. b4 Nd2 43. Kg1 Kf5 44. b6 Ne4 45. Kh2 Nd2 46. Kg1 Ne4 47. Kh2
Nd2 48. Kg1 1/2-1/2

[Event "12. Int. Neckar-Open A-Open"]
[Site "Deizisau, Germany"]
[Date "2008.03.23"]
[Round "6.13"]
[White "Huschenbeth, Niclas"]
[Black "Meinhardt, Maximilian"]
[Result "1-0"]
[WhiteElo "2437"]
[BlackElo "2379"]
[PlyCount "63"]
[EventDate "2008.??.??"]

1. e4 e6 2. d4 d5 3. Nc3 Nc6 4. e5 f6 5. Bb5 Bd7 6. Nf3 Qe7 7. O-O Qf7 8. a3
Nge7 9. Bd3 Ng6 10. b4 Be7 11. h4 f5 12. b5 Na5 13. h5 Nf8 14. Ng5 Qg8 15. Bd2
b6 16. Ne2 Nc4 17. Bxc4 dxc4 18. Nc3 c6 19. bxc6 Bxc6 20. Qe2 h6 21. Qxc4 Rc8
22. Qa6 Rd8 23. Nh3 g6 24. Nf4 gxh5 25. d5 exd5 26. Nb5 d4 27. Nc7+ Kd7 28.
Qxa7 Rh7 29. Qxb6 Rg7 30. f3 Qc4 31. e6+ Kd6 32. Rfe1 1-0

[Event "12. Int. Neckar-Open A-Open"]
[Site "Deizisau, Germany"]
[Date "2008.03.23"]
[Round "6.15"]
[White "Kuipers, Stefan"]
[Black "Jaracz, Pawel"]
[Result "1-0"]
[WhiteElo "2436"]
[BlackElo "2351"]
[PlyCount "52"]
[EventDate "2008.??.??"]

1. e4 c6 2. d4 d5 3. Nc3 dxe4 4. Nxe4 Bf5 5. Ng3 Bg6 6. h4 h6 7. Nf3 Nd7 8. h5
Bh7 9. Bd3 Bxd3 10. Qxd3 e6 11. Bd2 Ngf6 12. O-O-O Be7 13. Kb1 O-O 14. Ne4 c5
15. g4 Nxg4 16. Rhg1 f5 17. Qe2 Kh8 18. Ng3 cxd4 19. Nxd4 Bf6 20. Nxe6 Qb6 21.
Bc1 Rfe8 22. Nxf5 Rxe6 23. Qxg4 Ne5 24. Qf4 Rc8 25. Ne3 Qc6 26. Qf5 b5 1-0

[Event "12. Int. Neckar-Open B-Open"]
[Site "Deizisau, Germany"]
[Date "2008.03.23"]
[Round "6.1"]
[White "Dieckmann, Daniel"]
[Black "Cofman, Veaceslav"]
[Result "1/2-1/2"]
[WhiteElo "1990"]
[BlackElo "1913"]
[PlyCount "51"]
[EventDate "2008.??.??"]

1. e4 e5 2. Nf3 Nf6 3. d4 Nxe4 4. Bd3 d5 5. Nxe5 Be6 6. O-O Bd6 7. Re1 Nf6 8.
Bg5 O-O 9. Nd2 c6 10. c3 Be7 11. f4 Re8 12. Nf1 a6 13. Ng3 h6 14. Bh4 Qb6 15.
b3 c5 16. Bc2 cxd4 17. cxd4 Nc6 18. Nxc6 bxc6 19. Qd3 Qb5 20. Nf5 Bxf5 21. Qxf5
g6 22. Qd3 Ne4 23. Bxe7 Rxe7 24. Rac1 Qb6 25. Bb1 Rae8 26. Qd1 1/2-1/2

[Event "12. Int. Neckar-Open B-Open"]
[Site "Deizisau, Germany"]
[Date "2008.03.23"]
[Round "6.2"]
[White "Pogan, Nikolas"]
[Black "Weißbeck, Simon"]
[Result "1/2-1/2"]
[WhiteElo "1969"]
[BlackElo "1795"]
[PlyCount "120"]
[EventDate "2008.??.??"]

1. d4 Nf6 2. Bf4 g6 3. Nf3 Bg7 4. e3 O-O 5. Be2 d5 6. h3 Nbd7 7. O-O c6 8. c4
Re8 9. Nc3 Ne4 10. cxd5 Nxc3 11. bxc3 cxd5 12. c4 Nf6 13. c5 Ne4 14. Rc1 Qa5
15. Qb3 e6 16. Qb5 Qxb5 17. Bxb5 Rd8 18. Bc7 Rf8 19. Ne5 f6 20. Nd3 Rf7 21. Bh2
Bd7 22. c6 bxc6 23. Ba6 Raf8 24. f3 Nd2 25. Rfd1 Bh6 26. Kf2 e5 27. Rxd2 exd4
28. Bf4 g5 29. Bd6 dxe3+ 30. Kxe3 Re8+ 31. Kf2 Re6 32. Bh2 Rg7 33. g4 Re8 34.
Nc5 Bc8 35. Bd3 Rge7 36. Bd6 Re3 37. Re2 Rxe2+ 38. Bxe2 Bf8 39. Bxf8 Kxf8 40.
Bd3 h6 41. Re1 Rxe1 42. Kxe1 Ke7 43. Kd2 Kd6 44. Nb3 c5 45. Bb5 Bb7 46. Na5 Bc8
47. Ke3 Kc7 48. Nb3 Kd6 49. a3 Be6 50. Nd2 Bc8 51. Nf1 f5 52. Nd2 f4+ 53. Kd3
Be6 54. Nb1 Bc8 55. Nc3 Bb7 56. Be8 Ba6+ 57. Bb5 Bb7 58. a4 Bc8 59. Nb1 Bb7 60.
Na3 Bc8 1/2-1/2